LEADER 00851nam0 2200277 i 450 001 996271049503316 005 20181017115433.0 010 $a978-88-13-36535-6 100 $a20180907d2018----||||0itac50 ba 101 $aita 102 $aIT 200 1 $a<> sistema costituzionale spagnolo$fSilvio Gambino ... [et al.] 210 $aMilano$cWolters Kluwer$a[Padova]$cCEDAM$d2018 215 $aXX, 381 p.$d24 cm 225 $aTrattato di diritto pubblico comparato 410 0$aTrattato di diritto pubblico comparato 606 0 $aDiritto costituzionale$xSpagna$2BNCF 676 $a342.4602 702 1$aGAMBINO,$bSilvio 801 0$aIT$bsalbc$gISBD 912 $a996271049503316 951 $aXXIV.2.M. 461$b88426 G.$cXXIV.2.M.$d416810 959 $aBK 969 $aGIU 996 $aSistema costituzionale spagnolo$91534557 997 $aUNISA LEADER 01329nam a22003251i 4500 001 991000547919707536 005 20031211191711.0 008 041108s1972 it a||||||||||||||||ita 035 $ab1323710x-39ule_inst 035 $aARCHE-116865$9ExL 040 $aDip.to Studi Storici$bita$cA.t.i. Arché s.c.r.l. Pandora Sicilia s.r.l. 082 04$a709.03 082 04$a330.153 100 1 $aKlingender, Francis Donald$038757 245 10$aArte e rivoluzione industriale /$cFrancis Donald Klingender ; con un saggio introduttivo di Enrico Castelnuovo ; traduzione di Elena Einaudi 260 $aTorino :$bEinaudi,$c1972 300 $aLXVII, 292 p., [40] c. di tav. :$bill. ;$c22 cm 440 0$aSaggi 650 4$aArte e industria 650 4$aRivoluzione industriale 700 1 $aEinaudi, Elena 700 1 $aCastelnuovo, Enrico 765 0 $tArt and the industrial revolution 907 $a.b1323710x$b02-04-14$c12-11-04 912 $a991000547919707536 945 $aLE019 A-51$g1$i2019000077224$lle023$nC. 1$o-$pE0.00$q-$rl$s- $t0$u4$v0$w4$x0$y.i1392560x$z12-11-04 945 $aLE019 A-51/1$g1$i2019000077231$lle023$nC. 2$o-$pE0.00$q-$rl$s- $t0$u1$v0$w1$x0$y.i13925611$z12-11-04 996 $aArt and the industrial revolution$930140 997 $aUNISALENTO 998 $ale023$b12-11-04$cm$da $e-$fita$git $h0$i2